LEADER 01439nam0-2200433li-450 001 990000241980203316 005 20180918155408.0 010 $a88-08-09834-6 035 $a0024198 035 $aUSA010024198 035 $a(ALEPH)000024198USA01 035 $a0024198 100 $a2001996031994-------y0itay0103----ba 101 0 $aita 102 $aIT 200 1 $aGeometria molecolare$eil modello VSEPR$fRonald J. Gillespie, István Hargittai$g[traduzione di Manlio Guardo] 210 $aBologna$cZanichelli Editore$dcopyr. 1994 215 $a176 p.$cill.$d27 cm 300 $aTrd. di Manlio Guardo 312 $aThe vsepr model of molecular geometry 454 0$12001$a<> VSEPR model of molecular geometry$91488277 606 1 $aChimica fisica 606 1 $aStruttura molecolare 676 $a541$9Chimica fisica e teorica 700 1$aGillespie,$bRonald J.$089929 702 1$aHargittai,$bIstván 801 $aSistema bibliotecario di Ateneo dell' Universitŕ di Salerno$gRICA 912 $a990000241980203316 951 $a541 GIL$b18355/CBS$c541$d00223814 959 $aBK 969 $aSCI 979 $c19960320 979 $c20001110$lUSA01$h1715 979 $aPATTY$b90$c20011011$lUSA01$h2301 979 $c20020403$lUSA01$h1632 979 $aPATRY$b90$c20040406$lUSA01$h1617 979 $aRSIAV6$b90$c20090629$lUSA01$h1024 996 $aVSEPR model of molecular geometry$91488277 997 $aUNISA LEADER 03069nam 22005175 450 001 9910999795503321 005 20250425130206.0 010 $a981-9650-32-1 024 7 $a10.1007/978-981-96-5032-3 035 $a(CKB)38586836900041 035 $a(DE-He213)978-981-96-5032-3 035 $a(MiAaPQ)EBC32028974 035 $a(Au-PeEL)EBL32028974 035 $a(OCoLC)1517424867 035 $a(EXLCZ)9938586836900041 100 $a20250425d2025 u| 0 101 0 $aeng 135 $aur||||||||||| 181 $ctxt$2rdacontent 182 $cc$2rdamedia 183 $acr$2rdacarrier 200 10$aBenchmarking, Measuring, and Optimizing $e16th BenchCouncil International Symposium, Bench 2024, Guangzhou, China, December 4?6, 2024, Revised Selected Papers /$fedited by Weiwei Lin, Zhen Jia, Sascha Hunold, Guoxin Kang 205 $a1st ed. 2025. 210 1$aSingapore :$cSpringer Nature Singapore :$cImprint: Springer,$d2025. 215 $a1 online resource (XI, 145 p. 50 illus., 44 illus. in color.) 225 1 $aLecture Notes in Computer Science,$x1611-3349 ;$v15519 311 08$a981-9650-31-3 327 $aLWMEval Evaluating Large Scale Neural Networks for SixHour Weather Nowcasting -- DNN schedule A Predictive Scheduler for Minimizing Interference of Co-located DNN Workload -- Benchmarking Distributed Transactional Database Systems -- Benchmarking Edge Computing Systems for Autonomous Vehicles via CAV Motifs -- CaloBench A Benchmark Study of Generative Models for Calorimeter Showers -- StockNNEval Evaluating Neural Network Methods for Predicting Stock Trend -- StellarTop An Integrated Multi Topic Dataset on GitHub Repositories -- Evaluating Kernel Anti Exploitation Capabilities A Scalable and General Framework Based on Evaluatology. 330 $aThis book LNCS 15519 constitutes the refereed proceedings of the 16th BenchCouncil International Symposium on Benchmarking, Measuring, and Optimizing, Bench 2024, held in Guangzhou, China, during December 4?6, 2024. The 8 full papers were carefully reviewed and selected fom 10 submissions. They focus on latest innovations in benchmarking science and engineering across multiple disciplines, including benchmark and standard specifications, implementations, and validations. 410 0$aLecture Notes in Computer Science,$x1611-3349 ;$v15519 606 $aApplication software 606 $aComputer and Information Systems Applications 615 0$aApplication software. 615 14$aComputer and Information Systems Applications. 676 $a005.3 702 $aLin$b Weiwei$4edt$4http://id.loc.gov/vocabulary/relators/edt 702 $aJia$b Zhen$4edt$4http://id.loc.gov/vocabulary/relators/edt 702 $aHunold$b Sascha$4edt$4http://id.loc.gov/vocabulary/relators/edt 702 $aKang$b Guoxin$4edt$4http://id.loc.gov/vocabulary/relators/edt 801 0$bMiAaPQ 801 1$bMiAaPQ 801 2$bMiAaPQ 906 $aBOOK 912 $a9910999795503321 996 $aBenchmarking, measuring, and optimizing$91901542 997 $aUNINA